Caça ao tesouro (Record no. 14386)
[ view plain ]
| 000 -LÍDER | |
|---|---|
| campo de controle de tamanho fixo | 00347 a2200157 4500 |
| 001 - NÚMERO DE CONTROLE | |
| campo de controle | 14386 |
| 020 ## - ISBN - INTERNATIONAL STANDARD BOOK NUMBER | |
| ISBN - International Standard Book Number | 9788508143580 |
| 040 ## - FONTE DA CATALOGAÇÃO | |
| Instituição que transcreveu o registro | Anchieta - Aquarius |
| 100 ## - ENTRADA PRINCIPAL--NOME PESSOAL | |
| Nome pessoal | Lacocca, Liliana |
| 240 10 - TÍTULO UNIFORME | |
| Título uniforme | Caça ao tesouro |
| Idioma da obra | por |
| 245 10 - TÍTULO | |
| Título | Caça ao tesouro |
| 300 ## - DESCRIÇÃO FÍSICA | |
| Extensão | 48p. |
| 362 0# - DATAS DE PUBLICAÇÃO E/OU DESIGNAÇÃO SEQUENCIAL | |
| Datas de publicação e/ou designação sequencial | 2011 |
| 650 #4 - ASSUNTO--TERMO TÓPICO | |
| Cabeçalho tópico ou nome geográfico | Literatura infanto-juvenil |
| 942 ## - ELEMENTOS DE ENTRADA ADICIONADOS (KOHA) | |
| Tipo de material Koha | Livros |
| Situação do descarte | Situação das perdas | Situação física | Não pode ser emprestado | Biblioteca de origem | Biblioteca atual | Data de aquisição | Total de empréstimos | Número de chamada completo | Código de barras | Data de último acesso | Data do preço efetivo | Tipo de material Koha |
|---|---|---|---|---|---|---|---|---|---|---|---|---|
| Colégio Anchieta - Aquarius | Colégio Anchieta - Aquarius | 21/11/2023 | 028.5 LAC CAC | 6231/AQU | 21/11/2023 | 21/11/2023 | Livros | |||||
| Colégio Anchieta - Bela Vista | Colégio Anchieta - Bela Vista | 21/11/2023 | LJ 028.5 I11c IAC CAC | 3681/BEL | 21/11/2023 | 21/11/2023 | Livros | |||||
| Colégio Anchieta - Bela Vista | Colégio Anchieta - Bela Vista | 21/11/2023 | LJ 028.5 I11c IAC CAC | 3682/BEL | 21/11/2023 | 21/11/2023 | Livros | |||||
| Colégio São Paulo | Colégio São Paulo | 21/11/2023 | 028.5 IAC CAÇ | 2650/ITA | 21/11/2023 | 21/11/2023 | Livros | |||||
| Colégio São Paulo | Colégio São Paulo | 21/11/2023 | 028.5 IAC CAÇ | 5196/ITA | 21/11/2023 | 21/11/2023 | Livros | |||||
| Colégio São Paulo | Colégio São Paulo | 21/11/2023 | 028.5 IAC CAÇ | 5197/ITA | 21/11/2023 | 21/11/2023 | Livros | |||||
| Colégio São Paulo | Colégio São Paulo | 21/11/2023 | 028.5 IAC CAÇ | 5198/ITA | 21/11/2023 | 21/11/2023 | Livros | |||||
| Colégio São Paulo | Colégio São Paulo | 21/11/2023 | 028.5 IAC CAÇ | 5199/ITA | 21/11/2023 | 21/11/2023 | Livros | |||||
| Leonardo Da Vinci - Alphaville 2 | Leonardo Da Vinci - Alphaville 2 | 27/03/2024 | 028.5 I12ca | 2A329 | 27/03/2024 | 27/03/2024 | Livros |